01304nam a2200361 i 450000100060000000300090000600500170001500800410003202000180007304000360009104100080012704400080013508000170014308000120016010000500017224501180022226000960034030000280043638000160046438000270048038000230050738500390053038800100056950400260057965000240060565500300062965800340065985600980069394200120079199900170080395200590082095200630087955414KOSZ 00520210917095340.0080612s2008 pl a f |000 0 pol d a9788361352006 cKOSZ 005aKOSZ 005dKOSZ 005/HR1 apol aPOL a338.48-6:008 a(075.8) aMikos von Rohrscheidt, Armind(1966- )eAutor aTurystyka kulturowa :bfenomen, potencjał, perspektywy : podręcznik akademicki /cArmin Mikos von Rohrscheidt. aGniezno :bGnieźnieńska Wyższa Szkoła Humanistyczno-Menedżerskiej Milenium,c2008. a477 s. :bil. ;c24 cm. aKsiążki aPublikacje dydaktyczne aPublikacje naukowe mPoziom nauczaniaaSzkoły wyższe a2001- aBibliogr. s. 468-477. 7aTurystyka kulturowa 7aPodręczniki akademickie aGospodarka, ekonomia, finanse uhttp://koha.tu.koszalin.pl/cgi-bin/koha/opac-detail.pl?biblionumber=55414yKatalog online BPK cKS2UKD c55414d55414 00104071aBPKbBPKcco88573p02448077t338.48 TyKS 00104071aBPKbBPKceho88574p02448060t338.48 EiotyKS